Dragonflies (Odonata) as bioindicators of environment quality

Bibliographic Details
Main Author: Bulánková, Eva, 1951- (Author)
Format: Article
Language:English

MARC

LEADER 00000nab a2200000uu 4500
001 vtls011438970
003 SK-MaSNL
005 20260303123029.0
008 230213|1997 xo |||||||||||||||||eng|
015 |a SNBRB 
035 |a (urnnbn)urn:nbn:sk:snk:ar-002vkq 
035 |a (uuid)4ccb1955-e93c-4601-949c-486157e0588f 
035 |a urn:nbn:sk:snk-abcds1 
040 |a SNKBUCL  |b slo  |c SNKBUCL  |e AACR2 
041 0 |a eng 
044 |a xo  |c SK 
100 1 |a Bulánková, Eva,  |d 1951-  |4 aut  |9 114580 
245 1 0 |a Dragonflies (Odonata) as bioindicators of environment quality  |c Eva Bulánková 
773 0 |t Biologia : journal of the Slovak Academy of Sciences  |g Roč. 52, č. 2 (1997), s. 177-180 
954 |a odborná, vedecká literatúra pôvodná (slovenská)  |2 lita 
958 |a OND 
958 |a EUIPO 
958 |a article16 
999 |c 1922821  |d 1924751